000 00310nam a2200133Ia 4500
008 231129s1968||||xx |||||||||||||| ||spa||
040 _bspa
082 _aM863 i12r
100 _aIbarguengoitia Jorge
245 0 _aLos relampagos de agosto
260 _c1968
264 _aJoaquin Mortiz
942 _2ddc
_cBKS
999 _c20020
_d20020